000 00616cam a2200205 i 4500
001 42709
003 Mx-PuUPA
005 20260119142440.0
008 140415s1993 nyu gr 000 0 spa d
020 _a0553371312
040 _cMx-PuUPA
041 _aspa
082 0 4 _axx
_bxx
_223
100 _aUry, William
_eautor
245 _aGetting past no :
_bnegoriating your way from confrontation to cooperation /
_cWilliam Ury
264 1 _aNew York :
_bBantam Books,
_c1993
300 _axv, 189 páginas ;
_c21 cm
942 _2ddc
_cLI
_hxx
_ixx
999 _c42709
_d42709